Fr. Conceicao Rodrigues College of Engineering

IBM PC & CLONES (Record no. 19321)

MARC details
000 -LEADER
fixed length control field 00262nam a2200133Ia 4500
100 ## - MAIN ENTRY--PERSONAL NAME
Personal name GOVINDRAJALU/B
245 ## - TITLE STATEMENT
Title IBM PC & CLONES
260 ## - PUBLICATION, DISTRIBUTION, ETC.
Name of publisher, distributor, etc. Tata McGraw Hil
Place of publication, distribution, etc. New Delhi
366 ## - TRADE AVAILABILITY INFORMATION
Publishers's discount category 15
300 ## - PHYSICAL DESCRIPTION
Extent 963
546 ## - LANGUAGE NOTE
Language note ENGLISH
942 ## - ADDED ENTRY ELEMENTS (KOHA)
Koha item type BOOK
Holdings
Withdrawn status Lost status Damaged status Not for loan Collection Home library Current library Date acquired Source of acquisition Cost, normal purchase price Inventory number Total Checkouts Total Renewals Full call number Barcode Date last seen Date last checked out Cost, replacement price Price effective from Koha item type
        PT Fr. Agnel's C.Rodrigues College of Engineering Fr. Agnel's C.Rodrigues College of Engineering 17/03/2023 Professional Book house 435.00 NO.36/10/08/2004 1 1 PT658 29/11/2024 30/08/2024 450.00   BOOK
        PT Fr. Agnel's C.Rodrigues College of Engineering Fr. Agnel's C.Rodrigues College of Engineering 17/03/2023 Professional Book house 435.00 NO.36/10/08/2004 1 1 PT659 07/02/2025 20/08/2024 450.00   BOOK